Integrating a unified revenue administration for tax and social contribution collections (Record no. 48403)

MARC details
000 -LEADER
fixed length control field 01878nam a2200397 a 4500
001 - CONTROL NUMBER
control field vtls003197827
003 - CONTROL NUMBER IDENTIFIER
control field MY-SjTCS
005 - DATE AND TIME OF LATEST TRANSACTION
control field 20200306164222.0
006 - FIXED-LENGTH DATA ELEMENTS--ADDITIONAL MATERIAL CHARACTERISTICS
fixed length control field m u
007 - PHYSICAL DESCRIPTION FIXED FIELD--GENERAL INFORMATION
fixed length control field cr cn|||||||||
008 - FIXED-LENGTH DATA ELEMENTS--GENERAL INFORMATION
fixed length control field 100712s2004 dcu sb 000 0 eng d
035 ## - SYSTEM CONTROL NUMBER
System control number (CaPaEBR)ebr10302933
039 #9 - LEVEL OF BIBLIOGRAPHIC CONTROL AND CODING DETAIL [OBSOLETE]
-- 201007121718
-- VLOAD
040 ## - CATALOGING SOURCE
Original cataloging agency CaPaEBR
Transcribing agency CaPaEBR
043 ## - GEOGRAPHIC AREA CODE
Geographic area code ec-----
-- ee-----
050 14 - LIBRARY OF CONGRESS CALL NUMBER
Classification number HC244
Item number .B37 2004eb
100 1# - MAIN ENTRY--PERSONAL NAME
Personal name Barrand, Peter.
9 (RLIN) 247780
245 10 - TITLE STATEMENT
Title Integrating a unified revenue administration for tax and social contribution collections
Medium [electronic resource] :
Remainder of title experiences of Central and Eastern European countries /
Statement of responsibility, etc. prepared by Peter Barrand, Stanford Ross, and Graham Harrison.
260 ## - PUBLICATION, DISTRIBUTION, ETC.
Place of publication, distribution, etc. [Washington, D.C.] :
Name of publisher, distributor, etc. International Monetary Fund, Fiscal Affairs Dept.,
Date of publication, distribution, etc. 2004.
300 ## - PHYSICAL DESCRIPTION
Extent 50 p. ;
Dimensions 28 cm.
440 #0 - SERIES STATEMENT/ADDED ENTRY--TITLE
Title IMF working paper ;
Volume/sequential designation WP/04/237
9 (RLIN) 100700
500 ## - GENERAL NOTE
General note "December 2004."
504 ## - BIBLIOGRAPHY, ETC. NOTE
Bibliography, etc. note Includes bibliographical references (p. 50).
529 ## -
-- TSLHHL
533 ## - REPRODUCTION NOTE
Type of reproduction Electronic reproduction.
Place of reproduction Palo Alto, Calif. :
Agency responsible for reproduction ebrary,
Date of reproduction 2009.
Note about reproduction Available via World Wide Web.
-- Access may be limited to ebrary affiliated libraries.
650 #0 - SUBJECT ADDED ENTRY--TOPICAL TERM
Topical term or geographic name entry element Tax administration and procedure
Geographic subdivision Europe, Central.
9 (RLIN) 247781
650 #0 - SUBJECT ADDED ENTRY--TOPICAL TERM
Topical term or geographic name entry element Tax administration and procedure
Geographic subdivision Europe, Eastern.
9 (RLIN) 247782
651 #0 - SUBJECT ADDED ENTRY--GEOGRAPHIC NAME
Geographic name Europe, Central
General subdivision Economic integration.
9 (RLIN) 247783
651 #0 - SUBJECT ADDED ENTRY--GEOGRAPHIC NAME
Geographic name Europe, Eastern
General subdivision Economic integration.
9 (RLIN) 247784
655 #7 - INDEX TERM--GENRE/FORM
Genre/form data or focus term Electronic books.
Source of term local
9 (RLIN) 201578
700 1# - ADDED ENTRY--PERSONAL NAME
Personal name Ross, Stanford G.
9 (RLIN) 247785
700 1# - ADDED ENTRY--PERSONAL NAME
Personal name Harrison, Graham.
9 (RLIN) 247786
710 2# - ADDED ENTRY--CORPORATE NAME
Corporate name or jurisdiction name as entry element International Monetary Fund.
Subordinate unit Fiscal Affairs Dept.
9 (RLIN) 247787
710 2# - ADDED ENTRY--CORPORATE NAME
Corporate name or jurisdiction name as entry element ebrary, Inc.
9 (RLIN) 25628
856 40 - ELECTRONIC LOCATION AND ACCESS
Uniform Resource Identifier https://ezproxy.taylors.edu.my/login?url=http://site.ebrary.com/lib/taylorscollege/Doc?id=10302933
Public note An electronic book accessible through the World Wide Web; click to view
Holdings
Withdrawn status Lost status Damaged status Not for loan Home library Current library Date acquired Total Checkouts Date last seen Price effective from Koha item type
      e-book Taylor's Library-TU Taylor's Library-TU 02/03/2026   02/03/2026 02/03/2026 E-Book